[Event "23rd European Team Chess Championship 2021 - Open"]
[Site "Catez, Slovenia"]
[Date "2021.11.12"]
[Round "1"]
[Board "4"]
[White "Sonis, Francesco"]
[Black "Abasov, Nijat"]
[Result "0-1"]
[WhiteElo "2536"]
[BlackElo "2634"]
[PlyCount "0"]
[EventDate "2021.11.12"]
[EventType "team"]
[EventRounds "9"]
[EventCountry "ECX"]
[WhiteTeam "Italy"]
[BlackTeam "Azerbaijan"]

1. d4 {[%clk 01:30:58]} {[%emt 00:00:01]} d5 {[%clk 01:30:53]} {[%emt
00:00:08]} 2. c4 {[%clk 01:31:19]} {[%emt 00:00:08]} e6 {[%clk 01:31:18]}
{[%emt 00:00:05]} 3. Nc3 {[%clk 01:31:40]} {[%emt 00:00:06]} c6 {[%clk
01:30:51]} {[%emt 00:01:00]} 4. e4 {[%clk 01:26:29]} {[%emt 00:05:40]} dxe4
{[%clk 01:31:01]} {[%emt 00:00:20]} 5. Nxe4 {[%clk 01:26:50]} {[%emt 00:00:09]}
Bb4+ {[%clk 01:31:22]} {[%emt 00:00:10]} 6. Bd2 {[%clk 01:19:10]} {[%emt
00:08:09]} Qxd4 {[%clk 01:31:32]} {[%emt 00:00:20]} 7. Bxb4 {[%clk 01:19:36]}
{[%emt 00:00:05]} Qxe4+ {[%clk 01:31:52]} {[%emt 00:00:10]} 8. Be2 {[%clk
01:20:03]} {[%emt 00:00:03]} Na6 {[%clk 01:31:26]} {[%emt 00:00:56]} 9. Ba5
{[%clk 01:19:57]} {[%emt 00:00:35]} b6 {[%clk 01:27:48]} {[%emt 00:04:07]} 10.
Qd6 {[%clk 01:15:03]} {[%emt 00:05:25]} Bd7 {[%clk 01:23:51]} {[%emt 00:04:27]}
11. Bc3 {[%clk 01:12:45]} {[%emt 00:02:49]} f6 {[%clk 01:23:34]} {[%emt
00:00:46]} 12. O-O-O {[%clk 00:52:35]} {[%emt 00:20:41]} O-O-O {[%clk
01:23:17]} {[%emt 00:00:47]} 13. Qa3 {[%clk 00:40:04]} {[%emt 00:13:02]} Kb7
{[%clk 01:21:46]} {[%emt 00:01:59]} 14. Bf3 {[%clk 00:39:45]} {[%emt 00:00:50]}
Qf4+ {[%clk 01:19:44]} {[%emt 00:02:31]} 15. Rd2 {[%clk 00:38:20]} {[%emt
00:01:56]} Qc7 {[%clk 00:59:26]} {[%emt 00:20:47]} 16. Ne2 {[%clk 00:38:04]}
{[%emt 00:00:47]} e5 {[%clk 00:55:29]} {[%emt 00:04:27]} 17. Rhd1 {[%clk
00:35:56]} {[%emt 00:02:38]} Nh6 {[%clk 00:53:19]} {[%emt 00:02:40]} 18. b4
{[%clk 00:20:18]} {[%emt 00:16:08]} Nb8 {[%clk 00:52:04]} {[%emt 00:01:44]} 19.
b5 {[%clk 00:13:19]} {[%emt 00:07:30]} Bg4 {[%clk 00:49:38]} {[%emt 00:02:56]}
20. bxc6+ {[%clk 00:13:09]} {[%emt 00:00:41]} Nxc6 {[%clk 00:49:50]} {[%emt
00:00:16]} 21. Bd5 {[%clk 00:12:38]} {[%emt 00:01:01]} Bxe2 {[%clk 00:41:56]}
{[%emt 00:08:25]} 22. Rxe2 {[%clk 00:13:04]} {[%emt 00:00:04]} Nf5 {[%clk
00:42:07]} {[%emt 00:00:18]} 23. Red2 {[%clk 00:06:39]} {[%emt 00:06:56]} Nfe7
{[%clk 00:37:42]} {[%emt 00:04:54]} 24. Bf3 {[%clk 00:06:29]} {[%emt 00:00:41]}
Rxd2 {[%clk 00:36:32]} {[%emt 00:01:40]} 25. Rxd2 {[%clk 00:06:55]} {[%emt
00:00:04]} Rd8 {[%clk 00:36:40]} {[%emt 00:00:21]} 26. Rxd8 {[%clk 00:04:09]}
{[%emt 00:03:17]} Qxd8 {[%clk 00:36:57]} {[%emt 00:00:12]} 27. Bb4 {[%clk
00:04:33]} {[%emt 00:00:06]} Kc7 {[%clk 00:37:04]} {[%emt 00:00:24]} 28. c5
{[%clk 00:00:37]} {[%emt 00:04:27]} Nd5 {[%clk 00:33:30]} {[%emt 00:04:03]} 29.
cxb6+ {[%clk 00:00:59]} {[%emt 00:00:08]} axb6 {[%clk 00:33:52]} {[%emt
00:00:07]} 30. Bd2 {[%clk 00:00:48]} {[%emt 00:00:42]} f5 {[%clk 00:33:00]}
{[%emt 00:01:21]} 31. Bd1 {[%clk 00:00:33]} {[%emt 00:00:46]} Qh4 {[%clk
00:27:32]} {[%emt 00:05:58]} 32. Bb3 {[%clk 00:00:54]} {[%emt 00:00:08]} Qd4
{[%clk 00:25:18]} {[%emt 00:02:44]} 33. Qf8 {[%clk 00:00:33]} {[%emt 00:00:53]}
Qa1+ {[%clk 00:25:00]} {[%emt 00:00:47]} 34. Kc2 {[%clk 00:01:00]} {[%emt
00:00:03]} Nd4+ {[%clk 00:25:25]} {[%emt 00:00:05]} 35. Kd3 {[%clk 00:01:27]}
{[%emt 00:00:02]} Qf1# {[%clk 00:25:49]} {[%emt 00:00:06]}  0-1

[Event "23rd European Team Chess Championship 2021 - Open"]
[Site "Catez, Slovenia"]
[Date "2021.11.12"]
[Round "1"]
[Board "1"]
[White "Bogner, Sebastian"]
[Black "Korobov, Anton"]
[Result "0-1"]
[WhiteElo "2574"]
[BlackElo "2684"]
[PlyCount "0"]
[EventDate "2021.11.12"]
[EventType "team"]
[EventRounds "9"]
[EventCountry "ECX"]
[WhiteTeam "Switzerland"]
[BlackTeam "Ukraine"]

1. e4 {[%clk 01:30:57]} {[%emt 00:00:02]} c5 {[%clk 01:30:40]} {[%emt
00:00:20]} 2. Nf3 {[%clk 01:31:21]} {[%emt 00:00:06]} d6 {[%clk 01:30:53]}
{[%emt 00:00:16]} 3. Bb5+ {[%clk 01:31:40]} {[%emt 00:00:12]} Nd7 {[%clk
01:30:35]} {[%emt 00:00:48]} 4. d4 {[%clk 01:31:45]} {[%emt 00:00:25]} cxd4
{[%clk 01:30:58]} {[%emt 00:00:06]} 5. Nxd4 {[%clk 01:32:06]} {[%emt 00:00:10]}
Ngf6 {[%clk 01:30:38]} {[%emt 00:00:50]} 6. Bd3 {[%clk 01:32:15]} {[%emt
00:00:21]} Nc5 {[%clk 01:29:39]} {[%emt 00:01:29]} 7. Nc3 {[%clk 01:32:33]}
{[%emt 00:00:12]} g6 {[%clk 01:28:54]} {[%emt 00:01:15]} 8. Nb3 {[%clk
01:31:18]} {[%emt 00:01:45]} Nxd3+ {[%clk 01:28:57]} {[%emt 00:00:27]} 9. Qxd3
{[%clk 01:31:36]} {[%emt 00:00:13]} Bg7 {[%clk 01:28:31]} {[%emt 00:00:56]} 10.
Bg5 {[%clk 01:31:36]} {[%emt 00:00:30]} O-O {[%clk 01:26:55]} {[%emt 00:02:06]}
11. O-O-O {[%clk 01:29:30]} {[%emt 00:02:37]} Be6 {[%clk 01:20:32]} {[%emt
00:06:52]} 12. f4 {[%clk 01:16:16]} {[%emt 00:13:43]} Rc8 {[%clk 01:16:31]}
{[%emt 00:04:32]} 13. Rhe1 {[%clk 01:12:02]} {[%emt 00:04:45]} Rxc3 {[%clk
01:03:52]} {[%emt 00:13:08]} 14. Qxc3 {[%clk 00:59:35]} {[%emt 00:12:58]} Nxe4
{[%clk 01:03:07]} {[%emt 00:01:14]} 15. Qe3 {[%clk 00:56:13]} {[%emt 00:03:52]}
d5 {[%clk 00:48:42]} {[%emt 00:14:56]} 16. Qxa7 {[%clk 00:37:16]} {[%emt
00:19:27]} Qc7 {[%clk 00:45:49]} {[%emt 00:03:23]} 17. Rxe4 {[%clk 00:36:18]}
{[%emt 00:01:28]} dxe4 {[%clk 00:46:07]} {[%emt 00:00:11]} 18. Qc5 {[%clk
00:36:21]} {[%emt 00:00:28]} Qb8 {[%clk 00:44:24]} {[%emt 00:02:13]} 19. Qe3
{[%clk 00:32:11]} {[%emt 00:04:40]} Rc8 {[%clk 00:36:33]} {[%emt 00:08:22]} 20.
Rd2 {[%clk 00:31:37]} {[%emt 00:01:04]} Qa8 {[%clk 00:32:15]} {[%emt 00:04:47]}
21. Kb1 {[%clk 00:31:37]} {[%emt 00:00:31]} Qa6 {[%clk 00:26:02]} {[%emt
00:06:43]} 22. a3 {[%clk 00:18:08]} {[%emt 00:13:58]} Qf1+ {[%clk 00:25:27]}
{[%emt 00:01:05]} 23. Nc1 {[%clk 00:18:37]} {[%emt 00:00:03]} Qb5 {[%clk
00:23:34]} {[%emt 00:02:22]} 24. Nb3 {[%clk 00:18:48]} {[%emt 00:00:19]} f6
{[%clk 00:19:22]} {[%emt 00:04:42]} 25. Bh4 {[%clk 00:18:55]} {[%emt 00:00:22]}
Qc4 {[%clk 00:17:58]} {[%emt 00:01:54]} 26. Nc1 {[%clk 00:12:11]} {[%emt
00:07:14]} h6 {[%clk 00:17:23]} {[%emt 00:01:06]} 27. Bf2 {[%clk 00:08:41]}
{[%emt 00:03:59]} f5 {[%clk 00:15:16]} {[%emt 00:02:38]} 28. Qb6 {[%clk
00:08:23]} {[%emt 00:00:49]} g5 {[%clk 00:13:25]} {[%emt 00:02:20]} 29. g3
{[%clk 00:08:14]} {[%emt 00:00:39]} Qa6 {[%clk 00:08:41]} {[%emt 00:05:15]} 30.
Qxa6 {[%clk 00:06:08]} {[%emt 00:02:36]} bxa6 {[%clk 00:09:10]} {[%emt
00:00:01]} 31. Ne2 {[%clk 00:05:39]} {[%emt 00:00:59]} Kf7 {[%clk 00:06:53]}
{[%emt 00:02:47]} 32. b3 {[%clk 00:04:53]} {[%emt 00:01:16]} gxf4 {[%clk
00:06:47]} {[%emt 00:00:35]} 33. gxf4 {[%clk 00:04:53]} {[%emt 00:00:30]} Bf6
{[%clk 00:06:51]} {[%emt 00:00:26]} 34. c4 {[%clk 00:03:41]} {[%emt 00:01:42]}
Rg8 {[%clk 00:07:08]} {[%emt 00:00:12]} 35. Ng3 {[%clk 00:03:03]} {[%emt
00:01:09]} Bc8 {[%clk 00:05:59]} {[%emt 00:01:39]} 36. Be3 {[%clk 00:02:19]}
{[%emt 00:01:14]} e5 {[%clk 00:05:27]} {[%emt 00:01:02]} 37. Rd5 {[%clk
00:01:43]} {[%emt 00:01:06]} exf4 {[%clk 00:05:07]} {[%emt 00:00:50]} 38. Bxf4
{[%clk 00:02:11]} {[%emt 00:00:02]} Bg5 {[%clk 00:04:40]} {[%emt 00:00:57]} 39.
Bc1 {[%clk 00:00:50]} {[%emt 00:01:51]} e3 {[%clk 00:03:40]} {[%emt 00:01:30]}
40. Kc2 {[%clk 00:00:46]} {[%emt 00:00:35]} f4 {[%clk 00:03:39]} {[%emt
00:00:30]} 41. Ne4 {[%clk 00:26:33]} {[%emt 00:04:43]} Kg6 {[%clk 00:31:56]}
{[%emt 00:02:13]} 42. Rd6+ {[%clk 00:22:10]} {[%emt 00:04:53]} Kh5 {[%clk
00:26:50]} {[%emt 00:05:34]} 43. Nxg5 {[%clk 00:13:56]} {[%emt 00:08:46]} hxg5
{[%clk 00:25:22]} {[%emt 00:01:58]} 44. c5 {[%clk 00:13:48]} {[%emt 00:00:38]}
Re8 {[%clk 00:24:24]} {[%emt 00:01:27]} 45. Kd1 {[%clk 00:13:14]} {[%emt
00:01:05]} Bg4+ {[%clk 00:24:17]} {[%emt 00:00:35]}  0-1

[Event "23rd European Team Chess Championship 2021 - Open"]
[Site "Catez, Slovenia"]
[Date "2021.11.12"]
[Round "1"]
[Board "4"]
[White "Svane, Rasmus"]
[Black "Sahidi, Samir"]
[Result "1-0"]
[WhiteElo "2628"]
[BlackElo "2432"]
[PlyCount "0"]
[EventDate "2021.11.12"]
[EventType "team"]
[EventRounds "9"]
[EventCountry "ECX"]
[WhiteTeam "Germany"]
[BlackTeam "Slovakia"]

1. d4 {[%clk 01:30:54]} {[%emt 00:00:04]} Nf6 {[%clk 01:30:38]} {[%emt
00:00:22]} 2. Nf3 {[%clk 01:30:39]} {[%emt 00:00:46]} e6 {[%clk 01:30:17]}
{[%emt 00:00:50]} 3. c4 {[%clk 01:30:02]} {[%emt 00:01:07]} b6 {[%clk
01:27:13]} {[%emt 00:03:34]} 4. g3 {[%clk 01:29:39]} {[%emt 00:00:54]} Bb7
{[%clk 01:26:34]} {[%emt 00:01:09]} 5. Bg2 {[%clk 01:29:59]} {[%emt 00:00:10]}
Bb4+ {[%clk 01:24:50]} {[%emt 00:02:14]} 6. Bd2 {[%clk 01:30:09]} {[%emt
00:00:21]} Bxd2+ {[%clk 01:22:53]} {[%emt 00:02:26]} 7. Qxd2 {[%clk 01:30:15]}
{[%emt 00:00:23]} O-O {[%clk 01:22:46]} {[%emt 00:00:37]} 8. O-O {[%clk
01:22:02]} {[%emt 00:08:43]} d6 {[%clk 01:18:30]} {[%emt 00:04:46]} 9. Qf4
{[%clk 01:19:20]} {[%emt 00:03:13]} Nbd7 {[%clk 01:16:28]} {[%emt 00:02:31]} 10.
Nc3 {[%clk 01:19:24]} {[%emt 00:00:27]} Re8 {[%clk 01:16:33]} {[%emt 00:00:25]}
11. Rfe1 {[%clk 01:16:07]} {[%emt 00:03:47]} Qe7 {[%clk 01:07:02]} {[%emt
00:10:00]} 12. e4 {[%clk 01:11:22]} {[%emt 00:05:16]} Nf8 {[%clk 01:04:44]}
{[%emt 00:02:48]} 13. Rad1 {[%clk 01:06:58]} {[%emt 00:04:54]} Rad8 {[%clk
00:58:58]} {[%emt 00:06:16]} 14. Qe3 {[%clk 01:00:11]} {[%emt 00:07:17]} Ng6
{[%clk 00:54:57]} {[%emt 00:04:31]} 15. d5 {[%clk 00:51:43]} {[%emt 00:08:58]}
e5 {[%clk 00:50:16]} {[%emt 00:05:11]} 16. b4 {[%clk 00:50:15]} {[%emt
00:01:58]} c5 {[%clk 00:47:07]} {[%emt 00:03:38]} 17. dxc6 {[%clk 00:43:21]}
{[%emt 00:07:25]} Bxc6 {[%clk 00:46:36]} {[%emt 00:01:00]} 18. a4 {[%clk
00:39:36]} {[%emt 00:04:16]} Qc7 {[%clk 00:44:12]} {[%emt 00:02:54]} 19. Rc1
{[%clk 00:37:20]} {[%emt 00:02:46]} Qb8 {[%clk 00:40:58]} {[%emt 00:03:43]} 20.
h4 {[%clk 00:31:56]} {[%emt 00:05:55]} Bd7 {[%clk 00:38:13]} {[%emt 00:03:15]}
21. Nd5 {[%clk 00:28:19]} {[%emt 00:04:07]} Nxd5 {[%clk 00:37:53]} {[%emt
00:00:50]} 22. cxd5 {[%clk 00:27:25]} {[%emt 00:01:24]} Nf8 {[%clk 00:33:01]}
{[%emt 00:05:22]} 23. Bf1 {[%clk 00:21:11]} {[%emt 00:06:44]} f5 {[%clk
00:29:06]} {[%emt 00:04:25]} 24. Bb5 {[%clk 00:17:22]} {[%emt 00:04:20]} fxe4
{[%clk 00:26:50]} {[%emt 00:02:45]} 25. Ng5 {[%clk 00:16:56]} {[%emt 00:00:55]}
a5 {[%clk 00:25:23]} {[%emt 00:01:56]} 26. Bxd7 {[%clk 00:15:03]} {[%emt
00:02:24]} Rxd7 {[%clk 00:25:06]} {[%emt 00:00:48]} 27. b5 {[%clk 00:14:25]}
{[%emt 00:01:08]} Rdd8 {[%clk 00:19:23]} {[%emt 00:06:13]} 28. Rc6 {[%clk
00:12:59]} {[%emt 00:01:55]} Nd7 {[%clk 00:19:30]} {[%emt 00:00:23]} 29. Qxe4
{[%clk 00:08:54]} {[%emt 00:04:36]} Nf6 {[%clk 00:18:46]} {[%emt 00:01:13]} 30.
Qe3 {[%clk 00:08:27]} {[%emt 00:00:57]} h6 {[%clk 00:17:04]} {[%emt 00:02:12]}
31. Ne4 {[%clk 00:07:58]} {[%emt 00:00:59]} Nxe4 {[%clk 00:17:08]} {[%emt
00:00:27]} 32. Qxe4 {[%clk 00:08:22]} {[%emt 00:00:05]} Re7 {[%clk 00:17:12]}
{[%emt 00:00:26]} 33. Rec1 {[%clk 00:07:19]} {[%emt 00:01:33]} Rf7 {[%clk
00:15:28]} {[%emt 00:02:14]} 34. Qg4 {[%clk 00:06:12]} {[%emt 00:01:38]} Qb7
{[%clk 00:07:53]} {[%emt 00:08:05]} 35. Rc8 {[%clk 00:04:12]} {[%emt 00:02:30]}
Rfd7 {[%clk 00:08:08]} {[%emt 00:00:15]} 36. Qe6+ {[%clk 00:04:04]} {[%emt
00:00:37]} Kh8 {[%clk 00:07:46]} {[%emt 00:00:52]} 37. Rxd8+ {[%clk 00:03:32]}
{[%emt 00:01:02]} Rxd8 {[%clk 00:07:54]} {[%emt 00:00:22]} 38. Rc6 {[%clk
00:03:46]} {[%emt 00:00:16]} Qb8 {[%clk 00:07:34]} {[%emt 00:00:50]} 39. Qe7
{[%clk 00:02:54]} {[%emt 00:01:22]} Kh7 {[%clk 00:06:47]} {[%emt 00:01:17]} 40.
Rc7 {[%clk 00:02:43]} {[%emt 00:00:41]} Rg8 {[%clk 00:07:13]} {[%emt 00:00:05]}
41. h5 {[%clk 00:00:51]} {[%emt 00:02:22]} Qf8 {[%clk 00:04:10]} {[%emt
00:03:32]} 42. Qxf8 {[%clk 00:21:32]} {[%emt 00:09:50]} Rxf8 {[%clk 00:34:28]}
{[%emt 00:00:12]} 43. Kg2 {[%clk 00:16:16]} {[%emt 00:05:46]} e4 {[%clk
00:34:12]} {[%emt 00:00:45]} 44. Rc6 {[%clk 00:16:39]} {[%emt 00:00:08]} Rf3
{[%clk 00:28:52]} {[%emt 00:05:48]} 45. Rxd6 {[%clk 00:16:35]} {[%emt
00:00:35]} Ra3 {[%clk 00:29:11]} {[%emt 00:00:11]} 46. Rxb6 {[%clk 00:17:00]}
{[%emt 00:00:06]} Rxa4 {[%clk 00:29:23]} {[%emt 00:00:18]} 47. d6 {[%clk
00:16:38]} {[%emt 00:00:53]} Ra2 {[%clk 00:17:28]} {[%emt 00:12:23]} 48. Kf1
{[%clk 00:15:44]} {[%emt 00:01:26]} Rd2 {[%clk 00:14:39]} {[%emt 00:03:18]} 49.
Rc6 {[%clk 00:11:42]} {[%emt 00:04:32]} a4 {[%clk 00:09:53]} {[%emt 00:05:16]}
50. Ra6 {[%clk 00:10:44]} {[%emt 00:01:29]} a3 {[%clk 00:07:44]} {[%emt
00:02:39]} 51. Rxa3 {[%clk 00:10:07]} {[%emt 00:01:07]} Rxd6 {[%clk 00:08:03]}
{[%emt 00:00:11]} 52. Rb3 {[%clk 00:10:32]} {[%emt 00:00:05]} Rb6 {[%clk
00:07:53]} {[%emt 00:00:39]} 53. Ke2 {[%clk 00:10:59]} {[%emt 00:00:04]} g6
{[%clk 00:08:11]} {[%emt 00:00:12]} 54. Ke3 {[%clk 00:11:09]} {[%emt 00:00:20]}
gxh5 {[%clk 00:08:15]} {[%emt 00:00:26]} 55. Kxe4 {[%clk 00:10:51]} {[%emt
00:00:48]} Kg6 {[%clk 00:08:38]} {[%emt 00:00:06]} 56. Kd5 {[%clk 00:11:16]}
{[%emt 00:00:05]} Kg5 {[%clk 00:08:34]} {[%emt 00:00:34]} 57. Kc5 {[%clk
00:11:08]} {[%emt 00:00:38]} Rb8 {[%clk 00:08:02]} {[%emt 00:01:02]} 58. b6
{[%clk 00:11:27]} {[%emt 00:00:12]} h4 {[%clk 00:08:19]} {[%emt 00:00:13]} 59.
gxh4 {[%clk 00:11:50]} {[%emt 00:00:08]} Kxh4 {[%clk 00:08:43]} {[%emt
00:00:05]} 60. b7 {[%clk 00:11:48]} {[%emt 00:00:32]}  1-0

[Event "23rd European Team Chess Championship 2021 - Open"]
[Site "Catez, Slovenia"]
[Date "2021.11.14"]
[Round "3"]
[Board "2"]
[White "Dubov, Daniil"]
[Black "Anton Guijarro, David"]
[Result "1/2-1/2"]
[WhiteElo "2714"]
[BlackElo "2669"]
[PlyCount "0"]
[EventDate "2021.11.12"]
[EventType "team"]
[EventRounds "9"]
[EventCountry "ECX"]
[WhiteTeam "Russia"]
[BlackTeam "Spain"]

1. e4 {[%clk 01:30:49]} {[%emt 00:00:10]} c6 {[%clk 01:30:28]} {[%emt
00:00:32]} 2. d4 {[%clk 01:31:13]} {[%emt 00:00:06]} d5 {[%clk 01:30:53]}
{[%emt 00:00:05]} 3. e5 {[%clk 01:31:34]} {[%emt 00:00:10]} Bf5 {[%clk
01:31:12]} {[%emt 00:00:11]} 4. h4 {[%clk 01:31:56]} {[%emt 00:00:08]} h5
{[%clk 01:31:16]} {[%emt 00:00:26]} 5. Bd3 {[%clk 01:32:16]} {[%emt 00:00:10]}
Bxd3 {[%clk 01:31:26]} {[%emt 00:00:20]} 6. Qxd3 {[%clk 01:32:39]} {[%emt
00:00:06]} Qa5+ {[%clk 01:31:04]} {[%emt 00:00:52]} 7. Nd2 {[%clk 01:32:49]}
{[%emt 00:00:20]} e6 {[%clk 01:31:04]} {[%emt 00:00:30]} 8. Ngf3 {[%clk
01:33:08]} {[%emt 00:00:10]} Nh6 {[%clk 01:30:35]} {[%emt 00:01:01]} 9. O-O
{[%clk 01:33:01]} {[%emt 00:00:36]} Nf5 {[%clk 01:30:43]} {[%emt 00:00:22]} 10.
Nb3 {[%clk 01:32:10]} {[%emt 00:01:22]} Qa6 {[%clk 01:30:19]} {[%emt 00:00:53]}
11. Qd1 {[%clk 01:31:59]} {[%emt 00:00:40]} b6 {[%clk 01:29:40]} {[%emt
00:01:10]} 12. Bg5 {[%clk 01:27:47]} {[%emt 00:04:42]} c5 {[%clk 01:28:40]}
{[%emt 00:01:31]} 13. dxc5 {[%clk 01:26:28]} {[%emt 00:01:49]} Bxc5 {[%clk
01:28:42]} {[%emt 00:00:27]} 14. c3 {[%clk 01:25:17]} {[%emt 00:01:41]} Nc6
{[%clk 01:27:59]} {[%emt 00:01:13]} 15. Nxc5 {[%clk 01:24:41]} {[%emt
00:01:07]} bxc5 {[%clk 01:28:21]} {[%emt 00:00:07]} 16. Re1 {[%clk 01:23:57]}
{[%emt 00:01:15]} Rc8 {[%clk 01:21:57]} {[%emt 00:06:53]} 17. b3 {[%clk
01:23:29]} {[%emt 00:00:58]} Rc7 {[%clk 01:16:55]} {[%emt 00:05:32]} 18. Rc1
{[%clk 01:16:41]} {[%emt 00:07:19]} Qxa2 {[%clk 00:59:14]} {[%emt 00:18:10]} 19.
Ra1 {[%clk 01:15:51]} {[%emt 00:01:20]} Qb2 {[%clk 00:59:38]} {[%emt 00:00:06]}
20. Bd2 {[%clk 01:01:16]} {[%emt 00:15:05]} O-O {[%clk 00:56:24]} {[%emt
00:03:45]} 21. Rb1 {[%clk 00:48:56]} {[%emt 00:12:49]} Qa2 {[%clk 00:55:50]}
{[%emt 00:01:04]} 22. Ra1 {[%clk 00:48:16]} {[%emt 00:01:10]} Qb2 {[%clk
00:56:14]} {[%emt 00:00:06]} 23. Rb1 {[%clk 00:37:41]} {[%emt 00:11:05]} Qa2
{[%clk 00:56:38]} {[%emt 00:00:06]} 24. Ra1 {[%clk 00:34:52]} {[%emt 00:03:20]}
Qb2 {[%clk 00:57:01]} {[%emt 00:00:06]} 25. Rb1 {[%clk 00:28:23]} {[%emt
00:06:59]}  1/2-1/2

[Event "23rd European Team Chess Championship 2021 - Open"]
[Site "Catez, Slovenia"]
[Date "2021.11.14"]
[Round "3"]
[Board "2"]
[White "Druska, Juraj"]
[Black "Thybo, Jesper Sondergaard"]
[Result "1-0"]
[WhiteElo "2508"]
[BlackElo "2604"]
[PlyCount "0"]
[EventDate "2021.11.12"]
[EventType "team"]
[EventRounds "9"]
[EventCountry "ECX"]
[WhiteTeam "Slovakia"]
[BlackTeam "Denmark"]

1. e4 {[%clk 01:30:55]} {[%emt 00:00:04]} c6 {[%clk 01:30:45]} {[%emt
00:00:14]} 2. Nf3 {[%clk 01:31:09]} {[%emt 00:00:17]} d5 {[%clk 01:30:44]}
{[%emt 00:00:30]} 3. d3 {[%clk 01:31:35]} {[%emt 00:00:05]} g6 {[%clk
01:30:13]} {[%emt 00:01:00]} 4. Nbd2 {[%clk 01:31:58]} {[%emt 00:00:08]} Bg7
{[%clk 01:29:52]} {[%emt 00:00:50]} 5. d4 {[%clk 01:32:25]} {[%emt 00:00:04]}
c5 {[%clk 01:29:27]} {[%emt 00:00:55]} 6. exd5 {[%clk 01:32:50]} {[%emt
00:00:05]} cxd4 {[%clk 01:29:00]} {[%emt 00:00:56]} 7. Bb5+ {[%clk 01:33:16]}
{[%emt 00:00:05]} Nd7 {[%clk 01:29:06]} {[%emt 00:00:24]} 8. Nc4 {[%clk
01:33:39]} {[%emt 00:00:07]} Ngf6 {[%clk 01:27:39]} {[%emt 00:01:57]} 9. Qxd4
{[%clk 01:34:00]} {[%emt 00:00:09]} O-O {[%clk 01:27:13]} {[%emt 00:00:56]} 10.
O-O {[%clk 01:34:26]} {[%emt 00:00:04]} a6 {[%clk 01:26:15]} {[%emt 00:01:28]}
11. Bxd7 {[%clk 01:34:50]} {[%emt 00:00:06]} Nxd7 {[%clk 01:26:32]} {[%emt
00:00:13]} 12. Nce5 {[%clk 01:35:14]} {[%emt 00:00:06]} b5 {[%clk 01:25:38]}
{[%emt 00:01:23]} 13. b3 {[%clk 01:35:40]} {[%emt 00:00:05]} Bb7 {[%clk
01:25:12]} {[%emt 00:00:55]} 14. c4 {[%clk 01:36:06]} {[%emt 00:00:04]} e6
{[%clk 01:24:08]} {[%emt 00:01:34]} 15. Bf4 {[%clk 01:36:31]} {[%emt 00:00:06]}
exd5 {[%clk 01:19:11]} {[%emt 00:05:26]} 16. c5 {[%clk 01:34:45]} {[%emt
00:02:16]} g5 {[%clk 01:12:35]} {[%emt 00:07:06]} 17. c6 {[%clk 01:35:05]}
{[%emt 00:00:11]} Bxc6 {[%clk 01:09:24]} {[%emt 00:03:40]} 18. Qd2 {[%clk
01:35:29]} {[%emt 00:00:07]} Nxe5 {[%clk 00:57:52]} {[%emt 00:12:02]} 19. Bxe5
{[%clk 01:35:51]} {[%emt 00:00:08]} f6 {[%clk 00:57:34]} {[%emt 00:00:48]} 20.
Bd4 {[%clk 01:36:14]} {[%emt 00:00:07]} Rf7 {[%clk 00:51:25]} {[%emt 00:06:39]}
21. Rac1 {[%clk 01:34:30]} {[%emt 00:02:13]} Rc8 {[%clk 00:47:19]} {[%emt
00:04:36]} 22. Ne1 {[%clk 01:32:52]} {[%emt 00:02:09]} Bd7 {[%clk 00:40:45]}
{[%emt 00:07:03]} 23. Nc2 {[%clk 01:04:37]} {[%emt 00:28:45]} Bf5 {[%clk
00:27:47]} {[%emt 00:13:28]} 24. Ne3 {[%clk 00:37:45]} {[%emt 00:27:23]} Be4
{[%clk 00:27:30]} {[%emt 00:00:44]} 25. h4 {[%clk 00:33:58]} {[%emt 00:04:20]}
h6 {[%clk 00:23:57]} {[%emt 00:04:02]} 26. hxg5 {[%clk 00:33:37]} {[%emt
00:00:51]} hxg5 {[%clk 00:24:20]} {[%emt 00:00:07]} 27. Qb2 {[%clk 00:33:18]}
{[%emt 00:00:48]} Rxc1 {[%clk 00:15:07]} {[%emt 00:09:44]} 28. Rxc1 {[%clk
00:33:38]} {[%emt 00:00:10]} Rc7 {[%clk 00:15:05]} {[%emt 00:00:31]} 29. Rxc7
{[%clk 00:31:51]} {[%emt 00:02:17]} Qxc7 {[%clk 00:15:30]} {[%emt 00:00:04]} 30.
f3 {[%clk 00:31:47]} {[%emt 00:00:35]} Bg6 {[%clk 00:13:29]} {[%emt 00:02:31]}
31. Nxd5 {[%clk 00:31:39]} {[%emt 00:00:39]} Qg3 {[%clk 00:12:50]} {[%emt
00:01:08]} 32. Qc3 {[%clk 00:29:49]} {[%emt 00:02:20]} b4 {[%clk 00:06:25]}
{[%emt 00:06:56]} 33. Qxb4 {[%clk 00:24:40]} {[%emt 00:05:38]} g4 {[%clk
00:04:49]} {[%emt 00:02:07]} 34. Bf2 {[%clk 00:22:21]} {[%emt 00:02:49]} Qe5
{[%clk 00:03:49]} {[%emt 00:01:30]} 35. Ne7+ {[%clk 00:22:37]} {[%emt
00:00:13]} Kh7 {[%clk 00:01:31]} {[%emt 00:02:48]} 36. Nxg6 {[%clk 00:23:00]}
{[%emt 00:00:08]} Qa1+ {[%clk 00:01:51]} {[%emt 00:00:09]} 37. Kh2 {[%clk
00:23:14]} {[%emt 00:00:16]} Kxg6 {[%clk 00:02:03]} {[%emt 00:00:18]} 38. Qxg4+
{[%clk 00:23:34]} {[%emt 00:00:11]} Kh7 {[%clk 00:02:09]} {[%emt 00:00:24]} 39.
Qf5+ {[%clk 00:23:27]} {[%emt 00:00:36]} Kg8 {[%clk 00:02:14]} {[%emt
00:00:26]} 40. Qc8+ {[%clk 00:23:11]} {[%emt 00:00:45]} Kh7 {[%clk 00:02:36]}
{[%emt 00:00:08]} 41. Qxa6 {[%clk 00:22:43]} {[%emt 00:00:58]}  1-0